[Event "Balagna rapid op 16th"]
[Site "Balagna"]
[Date "2019.05.19"]
[Round "7"]
[White "Maurizzi, Marc Andria"]
[Black "Marty, Brice"]
[Result "1-0"]
[WhiteElo "2329"]
[BlackElo "2063"]
[PlyCount "99"]
[EventDate "2019.05.18"]
[EventType "swiss (rapid)"]
[EventRounds "9"]
[EventCountry "FRA"]
[SourceTitle "CBM 190 Extra"]
[Source "ChessBase"]
[SourceDate "2019.07.15"]
[SourceVersion "1"]
[SourceVersionDate "2019.07.15"]
[SourceQuality "1"]

1. e4 h6 2. d4 e6 3. Nc3 Bb4 4. Bd3 d5 5. exd5 exd5 6. Nf3 Ne7 7. 0-0 0-0 8. Ne2 Bf5 9. Ng3 Bxd3 10. Qxd3 c6 11. Qb3 Qb6 12. c3 Bd6 13. Qc2 Nd7 14. Nh5 Ng6 15. Bd2 Qc7 16. g3 Rae8 17. Rfe1 Qb8 18. Qf5 Qd8 19. Bxh6 gxh6 20. Qxd7 Qxd7 21. Nf6+ Kg7 22. Nxd7 Rxe1+ 23. Rxe1 Rd8 24. Nde5 Nxe5 25. Nxe5 Bxe5 26. dxe5 Kg6 27. f4 Kf5 28. Kf2 c5 29. Kf3 h5 30. h3 d4 31. cxd4 Rxd4 32. g4+ hxg4+ 33. hxg4+ Ke6 34. f5+ Ke7 35. Re4 Rd2 36. Re2 Rd4 37. e6 f6 38. Rg2 b5 39. Ke3 Rd8 40. Rd2 Rh8 41. Rd7+ Ke8 42. Rxa7 Rh3+ 43. Ke4 Rh2 44. Kd5 c4 45. Ra8+ Ke7 46. Ra7+ Ke8 47. b3 c3 48. b4 Rd2+ 49. Ke4 c2 50. Rc7 1-0

[Event "FRA-ch op-A"]
[Site "Nimes"]
[Date "2018.08.18"]
[Round "1"]
[White "Giacomini, Hector"]
[Black "Marty, Brice"]
[Result "1-0"]
[WhiteElo "2196"]
[BlackElo "2050"]
[PlyCount "79"]
[EventDate "2018.08.18"]
[EventType "swiss"]
[EventRounds "9"]
[EventCountry "FRA"]
[SourceTitle "CBM 186 Extra"]
[Source "ChessBase"]
[SourceDate "2018.08.24"]
[SourceVersion "1"]
[SourceVersionDate "2018.08.24"]
[SourceQuality "1"]

1. Nf3 Nf6 2. e3 c5 3. c4 g6 4. Nc3 Bg7 5. d4 cxd4 6. exd4 d5 7. cxd5 Nxd5 8. Qb3 Nb6 9. Bb5+ N8d7 10. 0-0 0-0 11. Re1 Nf6 12. h3 a6 13. Bf1 h6 14. Bf4 Be6 15. Rxe6 fxe6 16. Qxe6+ Kh7 17. Bd3 Nbd5 18. Nxd5 Qxd5 19. Qe2 Nh5 20. Bh2 Nf4 21. Bxf4 Rxf4 22. Qxe7 Raf8 23. Re1 R8f7 24. Qe2 Rxf3 25. gxf3 Rxf3 26. Be4 Qg5+ 27. Kh2 Rf6 28. Qe3 Qh4 29. Re2 Bf8 30. Bg2 Bd6+ 31. Kg1 Rf7 32. Qe8 Qf4 33. Qe3 Qh4 34. Qe4 Qf6 35. Qd5 Rc7 36. Re6 Rc1+ 37. Bf1 Bh2+ 38. Kg2 Qf7 39. Qe4 Qf4 40. Qxg6+ 1-0

[Event "Vienna op 18th"]
[Site "Vienna"]
[Date "2013.08.17"]
[Round "1"]
[White "Marty, Brice"]
[Black "Manik, Mikulas"]
[Result "0-1"]
[WhiteElo "2080"]
[BlackElo "2408"]
[PlyCount "68"]
[EventDate "2013.08.17"]
[EventType "swiss"]
[EventRounds "9"]
[EventCountry "AUT"]
[SourceTitle "CBM 156 Extra"]
[Source "ChessBase"]
[SourceDate "2013.10.22"]
[SourceVersion "1"]
[SourceVersionDate "2013.10.22"]
[SourceQuality "1"]

1. d4 Nf6 2. c4 g6 3. Nc3 Bg7 4. e4 d6 5. Nf3 0-0 6. Be2 e5 7. 0-0 exd4 8. Nxd4 Re8 9. f3 c6 10. Nc2 Nh5 11. g4 Nf6 12. Bg5 h6 13. Bf4 h5 14. g5 Nh7 15. h4 f6 16. Qxd6 Qb6+ 17. Be3 Qxb2 18. Bd4 Qxc2 19. Rac1 Bf8 20. Qg3 Qb2 21. gxf6 Kf7 22. Rb1 Qa3 23. Qc7+ Nd7 24. e5 Bc5 25. Rfd1 Rxe5 26. Ne4 Bxd4+ 27. Rxd4 Qe3+ 28. Kf1 Qxd4 29. Nd6+ Kxf6 30. Nxc8 Rxc8 31. Qxc8 Nhf8 32. Rd1 Qxh4 33. Qd8+ Re7 34. Re1 Ke5 0-1

[Event "Condom op 12th"]
[Site "Condom"]
[Date "2013.07.14"]
[Round "2"]
[White "Marty, Brice"]
[Black "Daulyte Cornette, Deimante"]
[Result "1/2-1/2"]
[WhiteElo "2084"]
[BlackElo "2363"]
[PlyCount "69"]
[EventDate "2013.07.13"]
[EventType "swiss"]
[EventRounds "9"]
[EventCountry "FRA"]
[SourceTitle "CBM 155 Extra"]
[Source "ChessBase"]
[SourceDate "2013.08.26"]
[SourceVersion "1"]
[SourceVersionDate "2013.08.26"]
[SourceQuality "1"]

1. d4 Nf6 2. c4 g6 3. Nc3 Bg7 4. e4 d6 5. Nf3 0-0 6. Be2 Nbd7 7. 0-0 e5 8. Qc2 c6 9. Rd1 Qe7 10. d5 c5 11. Ne1 Ne8 12. Bd3 Ndf6 13. g3 Kh8 14. Ng2 Ng4 15. f3 Nh6 16. Nh4 Ng8 17. Bd2 Bh6 18. Re1 Ng7 19. Bxh6 Nxh6 20. Qd2 Ng8 21. Ng2 Bh3 22. Re2 Rae8 23. a3 Qd8 24. b4 cxb4 25. axb4 Qb6+ 26. Qe3 Qxb4 27. Nb5 Ra8 28. Rxa7 Rxa7 29. Qxa7 f5 30. Qa3 Qxa3 31. Nxa3 fxe4 32. Bxe4 Bd7 33. Rb2 Rb8 34. Rb6 Ne8 35. c5 1/2-1/2